[Event "Penang op 11th"]
[Site "Penang"]
[Date "2019.12.10"]
[Round "3"]
[White "Cheah, Eric"]
[Black "Wong, Yinn Long"]
[Result "0-1"]
[WhiteElo "1948"]
[BlackElo "2298"]
[PlyCount "96"]
[EventDate "2019.12.09"]
[EventType "swiss"]
[EventRounds "9"]
[EventCountry "MAS"]
[SourceTitle "CBM 193 Extra"]
[Source "ChessBase"]
[SourceDate "2020.01.31"]
[SourceVersion "1"]
[SourceVersionDate "2020.01.31"]
[SourceQuality "1"]

1. e4 c5 2. Nf3 g6 3. c3 Bg7 4. d4 cxd4 5. cxd4 d5 6. e5 Bg4 7. Bb5+ Nd7 8. 0-0 e6 9. Nbd2 a6 10. Ba4 b5 11. Bb3 Ne7 12. h3 Bxf3 13. Nxf3 0-0 14. Qe2 Qb6 15. Bg5 Nc6 16. Rad1 Rae8 17. Bc2 f6 18. exf6 Nxf6 19. Be3 Qc7 20. Rc1 Qd6 21. a4 e5 22. axb5 Nxd4 23. Bxd4 exd4 24. Qd3 Nh5 25. Qa3 Qxa3 26. bxa3 axb5 27. Bb3 Nf4 28. Kh2 Ne2 29. Bxd5+ Kh8 30. Rc6 Nc3 31. Bb3 Bf6 32. g4 Re4 33. Re1 Rf4 34. Kg3 Bd8 35. Nxd4 Rxd4 36. Rxc3 Ba5 37. Ree3 Bxc3 38. Rxc3 Rfd8 39. Bc2 Rc4 40. Rxc4 bxc4 41. Kf3 Rd2 42. Be4 Ra2 43. Ke3 Rxa3+ 44. Kd4 Rxh3 45. Kxc4 Kg7 46. Kd5 Kf6 47. f4 h6 48. f5 g5 0-1

[Event "Penang op 11th"]
[Site "Penang"]
[Date "2019.12.09"]
[Round "1"]
[White "Cheah, Eric"]
[Black "Chin, Mei Qi Mickey"]
[Result "1-0"]
[WhiteElo "1948"]
[BlackElo "1354"]
[PlyCount "55"]
[EventDate "2019.12.09"]
[EventType "swiss"]
[EventRounds "9"]
[EventCountry "MAS"]
[SourceTitle "CBM 193 Extra"]
[Source "ChessBase"]
[SourceDate "2020.01.31"]
[SourceVersion "1"]
[SourceVersionDate "2020.01.31"]
[SourceQuality "1"]

1. e4 e5 2. Nf3 Nc6 3. Bc4 Bc5 4. c3 Nf6 5. d4 exd4 6. 0-0 d5 7. exd5 Ne7 8. cxd4 Bd6 9. Nc3 h6 10. Ne5 0-0 11. Qf3 Ng6 12. Re1 Re8 13. Bf4 Nxf4 14. Qxf4 Re7 15. Qg3 Qe8 16. Re3 Ng4 17. Bb5 Qf8 18. Re4 Nf6 19. Re2 a6 20. Bd3 b5 21. Rae1 Bb7 22. Qf3 b4 23. Ne4 Nxd5 24. Nc4 Nf4 25. Ncxd6 Nxe2+ 26. Qxe2 Bxe4 27. Nxe4 Rae8 28. f3 1-0

[Event "Penang op 10th"]
[Site "Penang"]
[Date "2018.12.08"]
[Round "9"]
[White "Cheah, Eric"]
[Black "Sreenivasan, Brandon Tien"]
[Result "1-0"]
[WhiteElo "1971"]
[BlackElo "1493"]
[PlyCount "127"]
[EventDate "2018.12.03"]
[EventType "swiss"]
[EventRounds "9"]
[EventCountry "MAS"]
[SourceTitle "CBM 187 Extra"]
[Source "ChessBase"]
[SourceDate "2018.11.04"]
[SourceVersion "1"]
[SourceVersionDate "2018.11.04"]
[SourceQuality "1"]

1. e4 e5 2. Nf3 Nc6 3. Bc4 Bc5 4. 0-0 Nf6 5. d3 d6 6. c3 h6 7. h3 0-0 8. Re1 Be6 9. Bb3 Ne7 10. Nfd2 Ng6 11. Nf1 c6 12. Ng3 Qb6 13. Re2 d5 14. Bc2 dxe4 15. dxe4 Bc4 16. Rd2 Rad8 17. Qe1 Rxd2 18. Nxd2 Be6 19. b4 Be7 20. Nf5 Rd8 21. Nf3 Bf8 22. a4 a5 23. Rb1 axb4 24. cxb4 Qc7 25. Be3 Nh5 26. g3 Bc4 27. a5 Qb8 28. Bb6 Rd7 29. Qe3 Qe8 30. Nh2 Nf6 31. Ng4 Nxg4 32. hxg4 Qe6 33. Qf3 Ba2 34. Rb2 Qc4 35. Qa3 Bb1 36. Ne3 Qe2 37. Bxb1 Qf3 38. Qc3 Nf4 39. gxf4 exf4 40. Rd2 fxe3 41. Qxe3 Qxg4+ 42. Kf1 Rxd2 43. Qxd2 Qh3+ 44. Ke2 Qg4+ 45. f3 Qg2+ 46. Bf2 g5 47. Ba2 g4 48. Qf4 gxf3+ 49. Qxf3 Qg7 50. Qg3 Bxb4 51. Qxg7+ Kxg7 52. Be1 Bd6 53. Kf3 Kg6 54. Bc4 f5 55. Be6 fxe4+ 56. Kxe4 Bc5 57. Bc8 b5 58. a6 Kf6 59. Bd7 Ba7 60. Bxc6 b4 61. Bxb4 Ke6 62. Bc3 Kd6 63. Bb7 Kc5 64. Bd4+ 1-0

[Event "Johor op 4th"]
[Site "Johor"]
[Date "2017.12.14"]
[Round "6"]
[White "Cheah, Eric"]
[Black "Pitra, Andika"]
[Result "0-1"]
[WhiteElo "2028"]
[BlackElo "2297"]
[PlyCount "50"]
[EventDate "2017.12.11"]
[EventType "swiss"]
[EventRounds "9"]
[EventCountry "MAS"]
[SourceTitle "EXT 2019"]
[Source "ChessBase"]
[SourceDate "2018.10.10"]
[SourceVersion "1"]
[SourceVersionDate "2018.10.10"]
[SourceQuality "1"]

1. e4 c6 2. d4 d5 3. e5 Bf5 4. g4 Be4 5. f3 Bg6 6. e6 Qd6 7. exf7+ Bxf7 8. Qe2 Nd7 9. Nh3 c5 10. Nc3 a6 11. Bf4 Qb6 12. 0-0-0 cxd4 13. Na4 Qb4 14. b3 Rb8 15. Kb1 Bg6 16. Rd2 Ngf6 17. Nb2 e5 18. Bxe5 Nxe5 19. Qxe5+ Be7 20. Re2 0-0 21. Nf4 Bd6 22. Qe6+ Bf7 23. Qf5 Bxf4 24. Qxf4 Bg6 25. Nd3 Bxd3 0-1

[Event "Penang op-A 9th"]
[Site "Penang"]
[Date "2017.12.05"]
[Round "3"]
[White "Cheah, Eric"]
[Black "Teh, Wee Zhun"]
[Result "1-0"]
[WhiteElo "2028"]
[BlackElo "1697"]
[PlyCount "77"]
[EventDate "2017.12.04"]
[EventType "swiss"]
[EventRounds "9"]
[EventCountry "MAS"]
[SourceTitle "CBM 182 Extra"]
[Source "ChessBase"]
[SourceDate "2018.02.23"]
[SourceVersion "1"]
[SourceVersionDate "2018.02.23"]
[SourceQuality "1"]

1. e4 d5 2. exd5 Qxd5 3. Nc3 Qd6 4. d4 Nf6 5. Bd3 c6 6. Nge2 g6 7. Bf4 Qd8 8. Qd2 Nbd7 9. 0-0-0 Nb6 10. Be5 Be6 11. Nf4 Bh6 12. Kb1 Qd7 13. Qe2 0-0-0 14. Nxe6 Qxe6 15. f4 Rhe8 16. Rhf1 Nfd5 17. Nxd5 Qxd5 18. c4 Qd7 19. f5 f6 20. Bg3 Rg8 21. Be4 e6 22. fxe6 Qxe6 23. Bf5 Qxf5+ 24. Rxf5 gxf5 25. Qe6+ Nd7 26. Qxf5 Rg7 27. Qa5 Rxg3 28. hxg3 a6 29. Re1 Ne5 30. Qc3 Bg5 31. Kc2 Nf7 32. Re7 Nd6 33. Qe1 f5 34. Qe6+ Kb8 35. Rg7 h6 36. a4 Ne4 37. Qf7 Nd6 38. Qc7+ Ka8 39. c5 1-0

[Event "Bangkok op 17th"]
[Site "Bangkok"]
[Date "2017.04.10"]
[Round "3"]
[White "Drummond, Matthew"]
[Black "Cheah, Eric"]
[Result "1-0"]
[WhiteElo "2248"]
[BlackElo "2054"]
[PlyCount "101"]
[EventDate "2017.04.08"]
[EventType "swiss"]
[EventRounds "9"]
[EventCountry "THA"]
[SourceTitle "CBM 177 Extra"]
[Source "ChessBase"]
[SourceDate "2017.04.27"]
[SourceVersion "1"]
[SourceVersionDate "2017.04.27"]
[SourceQuality "1"]

1. c4 e5 2. g3 f5 3. d4 exd4 4. Qxd4 Nc6 5. Qe3+ Qe7 6. Nc3 Nb4 7. Qd2 Qd6 8. Qxd6 Bxd6 9. Rb1 c6 10. Nf3 Nc2+ 11. Kd1 Nb4 12. e4 Ne7 13. e5 Bc7 14. a3 Na6 15. b4 Ng6 16. Bf4 Nxf4 17. gxf4 d6 18. c5 dxe5 19. Nxe5 Be6 20. Kc2 Bxe5 21. fxe5 Nc7 22. Bg2 a6 23. Rbd1 Ke7 24. a4 Rhd8 25. Rd6 Ne8 26. b5 axb5 27. Rxd8 Rxd8 28. axb5 Bd5 29. Nxd5+ cxd5 30. Rd1 Ke6 31. f4 Nc7 32. Bf1 Ra8 33. Rb1 Ra2+ 34. Kc3 Kd7 35. c6+ bxc6 36. b6 Ra8 37. bxc7 Kxc7 38. Bd3 g6 39. Bc2 c5 40. h4 Kc6 41. h5 d4+ 42. Kc4 Ra2 43. Bb3 Ra7 44. hxg6 hxg6 45. Rg1 Rg7 46. Bc2 d3 47. Bxd3 Rd7 48. Rxg6+ Kc7 49. Rd6 Rh7 50. Kxc5 Rh4 51. Rd4 1-0

[Event "Penang op 7th"]
[Site "Penang"]
[Date "2015.12.11"]
[Round "7"]
[White "Cheah, Eric"]
[Black "Daniel Hermawan, Lumban Tobing"]
[Result "1/2-1/2"]
[WhiteElo "2179"]
[BlackElo "1878"]
[PlyCount "46"]
[EventDate "2015.12.07"]
[EventType "swiss"]
[EventRounds "9"]
[EventCountry "MAS"]
[SourceTitle "CBM 169 Extra"]
[Source "ChessBase"]
[SourceDate "2015.12.18"]
[SourceVersion "1"]
[SourceVersionDate "2015.12.18"]
[SourceQuality "1"]

1. e4 c5 2. Nf3 d6 3. d4 cxd4 4. Nxd4 Nf6 5. Nc3 g6 6. f4 Bg7 7. e5 Ng8 8. Bb5+ Bd7 9. Qe2 Nc6 10. Bxc6 Bxc6 11. Nxc6 bxc6 12. 0-0 dxe5 13. fxe5 Qd4+ 14. Be3 Qxe5 15. Qf3 Qf6 16. Qe4 Qe6 17. Qxe6 fxe6 18. Ne4 Bxb2 19. Rab1 Be5 20. Ng5 Nf6 21. Nxe6 Kd7 22. Nc5+ Kc8 23. Na6 Rd8 1/2-1/2

[Event "Penang op 7th"]
[Site "Penang"]
[Date "2015.12.10"]
[Round "6"]
[White "Dimakiling, Oliver"]
[Black "Cheah, Eric"]
[Result "1-0"]
[WhiteElo "2372"]
[BlackElo "2179"]
[PlyCount "121"]
[EventDate "2015.12.07"]
[EventType "swiss"]
[EventRounds "9"]
[EventCountry "MAS"]
[SourceTitle "CBM 169 Extra"]
[Source "ChessBase"]
[SourceDate "2015.12.18"]
[SourceVersion "1"]
[SourceVersionDate "2015.12.18"]
[SourceQuality "1"]

1. c4 e5 2. g3 Nc6 3. Bg2 g6 4. Nc3 Bg7 5. d3 d6 6. e3 f5 7. Nge2 Nf6 8. b3 0-0 9. Bb2 Qe7 10. Qd2 a5 11. h3 Kh8 12. 0-0-0 Nb4 13. Kb1 c6 14. f4 Nd7 15. Nc1 Nb6 16. d4 e4 17. a3 Na6 18. d5 c5 19. a4 Bd7 20. Rdg1 Nb4 21. g4 Bf6 22. g5 Bg7 23. h4 Be8 24. Bf1 Kg8 25. Be2 Nd7 26. h5 Ra6 27. hxg6 Bxg6 28. Nb5 Rc8 29. Bh5 Nf8 30. Bxg6 hxg6 31. Rh6 Bxb2 32. Qxb2 Qg7 33. Rgh1 Qxb2+ 34. Kxb2 Kf7 35. Rh8 Rb6 36. Kc3 Na6 37. Ne2 Re8 38. Ng3 Nb4 39. R1h6 Nd3 40. Nxf5 gxf5 41. Nxd6+ Rxd6 42. Rxd6 Kg7 43. Rhh6 Nf2 44. Rb6 Re7 45. Rhf6 Ng4 46. Kd2 Nd7 47. Rfe6 Rxe6 48. Rxe6 Kf7 49. g6+ Kf8 50. g7+ Kf7 51. Re7+ Kxe7 52. g8Q Ngf6 53. Qe6+ Kf8 54. Qxf5 b6 55. Ke2 Kg7 56. Kf2 Kf7 57. Kg3 Kf8 58. Kh4 Kg7 59. Qe6 Kg6 60. f5+ Kg7 61. Qe7+ 1-0

[Event "Penang op 6th"]
[Site "Penang"]
[Date "2014.12.08"]
[Round "1"]
[White "Tan, Jun Ying"]
[Black "Cheah, Eric"]
[Result "0-1"]
[WhiteElo "1712"]
[BlackElo "2255"]
[PlyCount "86"]
[EventDate "2014.12.08"]
[EventType "swiss"]
[EventRounds "9"]
[EventCountry "MAS"]
[SourceTitle "CBM 163 Extra"]
[Source "ChessBase"]
[SourceDate "2014.12.23"]
[SourceVersion "1"]
[SourceVersionDate "2014.12.23"]
[SourceQuality "1"]

1. d4 Nf6 2. c4 g6 3. Nc3 Bg7 4. e4 d6 5. Nf3 0-0 6. Be2 e5 7. 0-0 Na6 8. Be3 Ng4 9. Bg5 Qe8 10. h3 f6 11. Bc1 Nh6 12. Be3 Nf7 13. dxe5 dxe5 14. c5 f5 15. Bb5 c6 16. Bxa6 bxa6 17. b4 f4 18. Bc1 Be6 19. Qe2 Qc8 20. Nd2 g5 21. Rd1 Nh8 22. f3 h5 23. Nc4 Qe8 24. Bb2 Qg6 25. Rd6 Rac8 26. Nd5 Rfe8 27. Na5 Nf7 28. Rxc6 g4 29. hxg4 hxg4 30. Kf1 gxf3 31. Qxf3 Ng5 32. Rxc8 Bxc8 33. Qb3 Kh7 34. Re1 Qh5 35. Qd3 f3 36. gxf3 Nxf3 37. Re3 Qh1+ 38. Kf2 Qg1+ 39. Ke2 Qe1+ 40. Kxf3 Rf8+ 41. Kg2 Rf2+ 42. Kg3 Qg1+ 43. Kh4 Qg4# 0-1

[Event "Olympiad-30"]
[Site "Manila"]
[Date "1992.06.17"]
[Round "9.1"]
[White "Cheah, Eric"]
[Black "Aturupane, Harinlal"]
[Result "1-0"]
[WhiteElo "2275"]
[BlackElo "2340"]
[PlyCount "83"]
[EventDate "1992.06.08"]
[EventType "team-swiss"]
[EventRounds "14"]
[EventCountry "PHI"]
[SourceTitle "TD"]
[Source "ChessBase"]
[SourceDate "1994.03.01"]
[SourceVersion "1"]
[SourceVersionDate "1994.03.01"]
[SourceQuality "1"]
[WhiteTeam "Malaysia"]
[BlackTeam "Sri Lanka"]
[WhiteTeamCountry "MAS"]
[BlackTeamCountry "SRI"]

1. e4 e6 2. d4 d5 3. Nd2 a6 4. Ngf3 c5 5. exd5 exd5 6. Be2 Nf6 7. 0-0 cxd4 8. Nb3 Bd6 9. Bg5 0-0 10. Nbxd4 Nc6 11. c3 Bg4 12. Qa4 Bd7 13. Qb3 Na5 14. Qc2 h6 15. Bh4 Rc8 16. Nf5 Bxf5 17. Qxf5 Qd7 18. Qxd7 Nxd7 19. Nd4 g6 20. Rad1 Nb6 21. Nb3 Nac4 22. Bxc4 Rxc4 23. Bf6 Rf4 24. Bd4 Nc4 25. g3 Rf5 26. g4 Rf4 27. f3 h5 28. gxh5 gxh5 29. Rf2 f6 30. Nc5 Bxc5 31. Bxc5 Rd8 32. b3 Ne5 33. Kg2 Kf7 34. Kg3 Rf5 35. f4 Rg8+ 36. Kh3 Rg4 37. fxe5 Rxe5 38. Bd4 Ree4 39. Rxf6+ Ke7 40. Rf3 Rh4+ 41. Kg2 Re2+ 42. Rf2 1-0